000 00554nam a2200193Ia 4500
005 20250923145948.0
008 008 250917s9999 xx 000 0 eng d
037 _aTextual
040 _aDSWL
_beng
_cDSWL
041 _aeng
_2eng
084 _aX:991, N97
_qDSWL
245 0 _aAlternative Approach and Strategies of Human Resource Development
_cEd. by T.V. Rao
260 _aJaipur
_bRawat Pub.
_c1997
300 _axxi,405 p.
365 _aINR
_b600.00
925 _g600.00
942 _cTEXL
_hX:991, N97
999 _c1457869
_d1457869